[Event "Scarborough CC-ch Reserves U1400"]
[Site "Toronto"]
[Date "2012.04.26"]
[Round "6"]
[White "Roy, Harrison"]
[Black "Jimenez, Michael"]
[Result "0-1"]
[WhiteElo "827"]
[BlackElo "931"]
[PlyCount "58"]
[EventDate "2012.03.22"]
[EventType "swiss"]
[EventRounds "9"]
[EventCountry "CAN"]
[SourceTitle "EXT 2022"]
[Source "ChessBase"]
[SourceDate "2021.10.06"]
[SourceVersion "1"]
[SourceVersionDate "2021.10.06"]
[SourceQuality "1"]

1. e4 e5 2. Nf3 Nc6 3. Bb5 a6 4. Bxc6 dxc6 5. Nc3 Bg4 6. h3 Bh5 7. 0-0 Nf6 8. d3 Be7 9. Re1 0-0 10. Bg5 Re8 11. Bxf6 Bxf6 12. g4 Bg6 13. Nh4 Bxh4 14. Rf1 Qd4 15. Qd2 Re6 16. g5 f6 17. Qe2 fxg5 18. Qg4 Rf6 19. Ne2 Qxb2 20. Rab1 Qxc2 21. Rxb7 Rf7 22. Rbb1 Qxd3 23. f3 Qxe2 24. Qg2 Qxg2+ 25. Kxg2 Rd8 26. Rfd1 Rxd1 27. Rxd1 Re7 28. Rd8+ Re8 29. Rxe8+ Bxe8 0-1

[Event "Scarborough CC-ch Reserves U1400"]
[Site "Toronto"]
[Date "2012.04.05"]
[Round "3"]
[White "Ming, Qing"]
[Black "Roy, Harrison"]
[Result "1-0"]
[WhiteElo "1112"]
[BlackElo "827"]
[PlyCount "49"]
[EventDate "2012.03.22"]
[EventType "swiss"]
[EventRounds "9"]
[EventCountry "CAN"]
[SourceTitle "EXT 2022"]
[Source "ChessBase"]
[SourceDate "2021.10.06"]
[SourceVersion "1"]
[SourceVersionDate "2021.10.06"]
[SourceQuality "1"]

1. e4 e5 2. Nf3 Nf6 3. Nc3 Bb4 4. Bc4 Bxc3 5. dxc3 0-0 6. Bg5 d6 7. h3 h6 8. Bh4 Nc6 9. a3 Re8 10. Qe2 a6 11. 0-0-0 b5 12. Bd5 Bb7 13. Nh2 g5 14. Bg3 Nxd5 15. exd5 Na5 16. Qh5 Nc4 17. Ng4 a5 18. Qxh6 b4 19. Nf6+ Qxf6 20. Qxf6 Bxd5 21. Qxg5+ Kf8 22. Rxd5 bxa3 23. bxa3 Rab8 24. Bh4 Rb2 25. Qh6+ 1-0

[Event "Scarborough CC Frost U1400"]
[Site "Toronto"]
[Date "2012.02.09"]
[Round "6"]
[White "Pulogarajah, Kaarthic"]
[Black "Roy, Harrison"]
[Result "1-0"]
[WhiteElo "1053"]
[BlackElo "879"]
[PlyCount "47"]
[EventDate "2012.01.05"]
[EventType "swiss"]
[EventRounds "6"]
[EventCountry "CAN"]
[SourceTitle "EXT 2022"]
[Source "ChessBase"]
[SourceDate "2021.10.06"]
[SourceVersion "1"]
[SourceVersionDate "2021.10.06"]
[SourceQuality "1"]

1. e4 e6 2. Nc3 d5 3. e5 d4 4. Nb5 Qd5 5. Nf3 Qd8 6. Nbxd4 b6 7. Bb5+ Nd7 8. Nc6 Bb7 9. Nxd8 Rxd8 10. d4 a6 11. Bd3 c5 12. c3 Bxf3 13. Qxf3 cxd4 14. cxd4 Bb4+ 15. Bd2 Bxd2+ 16. Kxd2 Nh6 17. Bxa6 0-0 18. Bd3 Nf5 19. Bxf5 exf5 20. Qxf5 Nc5 21. Ke3 Na4 22. Rab1 Rfe8 23. g4 f6 24. f4 1-0

[Event "Scarborough CC Frost U1400"]
[Site "Toronto"]
[Date "2012.01.12"]
[Round "2"]
[White "Balendra, Harigaran"]
[Black "Roy, Harrison"]
[Result "1-0"]
[WhiteElo "1181"]
[BlackElo "879"]
[PlyCount "75"]
[EventDate "2012.01.05"]
[EventType "swiss"]
[EventRounds "6"]
[EventCountry "CAN"]
[SourceTitle "EXT 2022"]
[Source "ChessBase"]
[SourceDate "2021.10.06"]
[SourceVersion "1"]
[SourceVersionDate "2021.10.06"]
[SourceQuality "1"]

1. e4 e5 2. Nf3 Nf6 3. Nxe5 d6 4. Nf3 Nxe4 5. Nc3 Nxc3 6. dxc3 d5 7. c4 Qe7+ 8. Qe2 dxc4 9. Qxe7+ Bxe7 10. Bxc4 0-0 11. 0-0 Nc6 12. Re1 Re8 13. Bb5 Bd7 14. Bf4 Bd6 15. Bxd6 cxd6 16. Rad1 Bg4 17. Rxd6 Bxf3 18. Rxe8+ Rxe8 19. gxf3 Rc8 20. Rd7 Na5 21. b4 a6 22. bxa5 axb5 23. Rxb7 g6 24. a6 Rxc2 25. a7 Rxa2 26. Rb8+ Kg7 27. a8Q Rxa8 28. Rxa8 b4 29. Rb8 Kf6 30. Rxb4 Kg7 31. Rg4 f5 32. Rb4 h5 33. Rb5 Kf6 34. f4 g5 35. fxg5+ Kxg5 36. Kg2 h4 37. h3 Kf4 38. f3 1-0

[Event "Scarborough CC Falling Leaves U1400"]
[Site "Toronto"]
[Date "2011.12.08"]
[Round "6"]
[White "Pulogarajah, Kaarthic"]
[Black "Roy, Harrison"]
[Result "1-0"]
[WhiteElo "1023"]
[BlackElo "915"]
[PlyCount "39"]
[EventDate "2011.11.03"]
[EventType "swiss"]
[EventRounds "7"]
[EventCountry "CAN"]
[SourceTitle "EXT 2022"]
[Source "ChessBase"]
[SourceDate "2021.10.06"]
[SourceVersion "1"]
[SourceVersionDate "2021.10.06"]
[SourceQuality "1"]

1. e4 e6 2. d4 d5 3. exd5 exd5 4. Nc3 Nc6 5. a3 Nf6 6. Nf3 Bg4 7. Bb5 Qe7+ 8. Be3 0-0-0 9. Bxc6 bxc6 10. 0-0 Ne4 11. Nxe4 dxe4 12. h3 exf3 13. hxg4 fxg2 14. Kxg2 Qe4+ 15. Qf3 Qxc2 16. b4 Rd5 17. Rfc1 Qg6 18. b5 Rh5 19. Rxc6 Qg5 20. Bxg5 1-0

[Event "Scarborough CC LH Summer U1700"]
[Site "Toronto"]
[Date "2010.05.20"]
[Round "3"]
[White "Roy, Harrison"]
[Black "Vyravanathan, Sobiga"]
[Result "0-1"]
[WhiteElo "904"]
[BlackElo "1234"]
[PlyCount "86"]
[EventDate "2010.04.29"]
[EventType "swiss"]
[EventRounds "8"]
[EventCountry "CAN"]
[SourceTitle "EXT 2022"]
[Source "ChessBase"]
[SourceDate "2021.10.06"]
[SourceVersion "1"]
[SourceVersionDate "2021.10.06"]
[SourceQuality "1"]

1. e4 c5 2. Nf3 Nc6 3. Nc3 a6 4. Be2 e5 5. 0-0 Nf6 6. d3 d6 7. Bg5 Be7 8. Re1 0-0 9. Rc1 Be6 10. Nh4 Nd7 11. Bg4 Bxg5 12. Bxe6 fxe6 13. Qg4 Qf6 14. Rcd1 Bxh4 15. Re2 Bxf2+ 16. Kf1 Bd4+ 17. Ke1 Qf1+ 18. Kd2 Bxc3+ 19. bxc3 Qf4+ 20. Qxf4 Rxf4 21. g3 Rf7 22. Kc1 Raf8 23. d4 cxd4 24. cxd4 Nxd4 25. Red2 Rf2 26. Rxf2 Rxf2 27. Kb1 Rxc2 28. Rc1 Rxh2 29. Rc8+ Kf7 30. Rc1 Rg2 31. Rc3 Ne2 32. Rc2 Rg1+ 33. Kb2 Nxg3 34. Rc7 Ke7 35. Rxb7 Rg2+ 36. Kc3 Nxe4+ 37. Kd3 Nec5+ 38. Kc4 Nxb7 39. a4 h5 40. Kb4 h4 41. a5 h3 42. Kc3 h2 43. Kd3 h1Q 0-1